| 000 | 00594cam a2200217ua 4500 | ||
|---|---|---|---|
| 020 | _a0-07-099030-1 | ||
| 041 |
_aeng _h |
||
| 082 |
_a519.2 _bSPI/TH |
||
| 100 | _aSpiegel, Murray R . | ||
| 245 |
_aTheory and problems of probability and statistics / _cMurray R Spiegel. _hTextual Documents |
||
| 250 |
_a1 / _b. |
||
| 260 |
_aNew York : _bMcGraw Hill Book Company , _c1980. |
||
| 300 | _a372 ; . | ||
| 440 | 0 |
_aSchaums outline series, _v _x; |
|
| 490 | 0 |
_aSchaums outline series, _v _x; |
|
| 500 | _a*CSS | ||
| 504 | _a | ||
| 942 | _cBK | ||
| 999 |
_c9764 _d9764 |
||